Normal view
MARC view
- Abell, Martha.L , Braselton, James
Entry Personal Name
001 - CONTROL NUMBER
- control field: 66835
003 - CONTROL NUMBER IDENTIFIER
- control field: NUST
005 - DATE AND TIME OF LATEST TRANSACTION
- control field: 20210628203702.0
008 - FIXED-LENGTH DATA ELEMENTS
- fixed length control field: 210628|| aca||aabn | a|a d
040 ## - CATALOGING SOURCE
- Original cataloging agency: NUST
- Transcribing agency: NUST
100 ## - HEADING--PERSONAL NAME
- Personal name: Abell, Martha.L , Braselton, James
670 ## - SOURCE DATA FOUND
- Source citation: Work cat.: (NUST): Abell, Martha.L , Braselton, James, Maple v by example , compatible with maple v release 2, 1994
